| 000 | 00596nam a2200217Ia 4500 | ||
|---|---|---|---|
| 008 | 160517s9999 xx 000 0 und d | ||
| 050 | _aHD 28 | ||
| 050 | _b.C442 2016 | ||
| 100 | _aCham, Arlvin John. | ||
| 245 | _aInventory management system and POS for LNP enterprise / | ||
| 245 | _cArlvin John Cham. | ||
| 260 | _aLas PiƱas, Philippines : | ||
| 260 | _bSISC, | ||
| 260 | _c2016. | ||
| 300 | _a90 pages : | ||
| 300 | _billustrations ; | ||
| 300 | _c28 cm. | ||
| 500 | _aIncludes bibliographical references and appendices. | ||
| 521 | _aInformation Technology | ||
| 942 | _cTH | ||
| 999 |
_c293946 _d293946 |
||